000 01195cam a2200337 a 4500
005 20260322212006.0
008 data
010 _a 89012438
020 _a0870448048 :
_c{dollar}24.95
020 _a0870448056 (deluxe) :
_c{dollar}36.95
020 _a0870448064 (deluxe with flag) :
_c{dollar}39.95
020 _a0870448072 (lib. bdg.) :
_c{dollar}29.95
020 _a9780870448041 :
_c{dollar}24.95
020 _a9780870448058 (deluxe) :
_c{dollar}36.95
020 _a9780870448065 (deluxe with flag) :
_c{dollar}39.95
020 _a9780870448072 (lib. bdg.) :
_c{dollar}29.95
040 _aDLC
_cDLC
_dDLC
043 _an-us---
050 0 0 _aE169.Z82
_bD57 1989
082 0 0 _a917.304/927
_220
092 _a917.304 D57 1989
245 1 0 _aDiscover America! :
_ba scenic tour of the fifty states.
_cNational Geographic Society (U.S.).
250 _a1st ed.
260 _aWashington, D.C. :
_bNational Geographic Society,
_cc1989.
300 _a336 p. :
_bcol. ill. ;
_c29 cm.
650 0 _aLandscapes
_zUnited States.
650 0 _aLandscapes
_zUnited States
_vPictorial works.
651 0 _aUnited States
_vPictorial works.
720 2 _aNational Geographic Society (U.S.)
001 data
999 _c108
_d108